<?xml version="1.0" encoding="UTF-8"?><?xml-stylesheet type="text/xsl" href="static/style.xsl"?><OAI-PMH xmlns="http://www.openarchives.org/OAI/2.0/" xmlns:xsi="http://www.w3.org/2001/XMLSchema-instance" xsi:schemaLocation="http://www.openarchives.org/OAI/2.0/ http://www.openarchives.org/OAI/2.0/OAI-PMH.xsd"><responseDate>2026-04-18T03:54:58Z</responseDate><request verb="GetRecord" identifier="oai:www.recercat.cat:20.500.12327/5064" metadataPrefix="marc">https://recercat.cat/oai/request</request><GetRecord><record><header><identifier>oai:recercat.cat:20.500.12327/5064</identifier><datestamp>2026-02-24T00:36:34Z</datestamp><setSpec>com_2072_4428</setSpec><setSpec>com_2072_4427</setSpec><setSpec>col_2072_487898</setSpec></header><metadata><record xmlns="http://www.loc.gov/MARC21/slim" xmlns:dcterms="http://purl.org/dc/terms/" xmlns:xsi="http://www.w3.org/2001/XMLSchema-instance" xmlns:doc="http://www.lyncode.com/xoai" xsi:schemaLocation="http://www.loc.gov/MARC21/slim http://www.loc.gov/standards/marcxml/schema/MARC21slim.xsd">
   <leader>00925njm 22002777a 4500</leader>
   <datafield ind2=" " ind1=" " tag="042">
      <subfield code="a">dc</subfield>
   </datafield>
   <datafield ind2=" " ind1=" " tag="720">
      <subfield code="a">Bozorgi, Mahsa</subfield>
      <subfield code="e">author</subfield>
   </datafield>
   <datafield ind2=" " ind1=" " tag="720">
      <subfield code="a">Cristóbal, Jordi</subfield>
      <subfield code="e">author</subfield>
   </datafield>
   <datafield ind2=" " ind1=" " tag="720">
      <subfield code="a">Casadesús, Jaume</subfield>
      <subfield code="e">author</subfield>
   </datafield>
   <datafield ind2=" " ind1=" " tag="260">
      <subfield code="c">2025-12-18</subfield>
   </datafield>
   <datafield ind2=" " ind1=" " tag="520">
      <subfield code="a">Crop yields are increasingly threatened by intensifying droughts in southern Europe, yet the long-term, spatially explicit quantification of yield response to agricultural drought remains limited. Remote sensing can address this gap by providing continuous spatiotemporal estimates of crop water stress. This study quantified the response of wheat yield to agricultural drought from 2003 to 2021 across four autonomous communities in Spain—La Rioja, Castilla y Le´ on, Castilla-La Mancha, and Andalucía—using three drought indicators, including a meteorological drought index, the Standardized Precipitation-Evapotranspiration Index (SPEI), and two remote sensing-based indices, the Standardized Precipitation-Actual Evapotranspiration Index (SPET) and the Standardized Evapotranspiration Deficit Index (SEDI), derived from a physical model that estimates actual crop evapotranspiration (ET c act ). Drought indices were aggregated at timescales from 1 to 12 months to identify the accumulation of timescales most relevant to wheat yield variability in each region. Results indicated that correlations varied spatially, with the strongest wheat yield–drought correlation in La Rioja (r = 0.79 for SPEI, 0.62 for SPET, and 0.81 for SEDI) and the weakest in Andalucía (r ≈ 0.33–0.35). Mediterranean regions (Andalucía and Castilla-La Mancha) showed the strongest correlation at short timescales (1–3 month) during late spring, while temperate continental regions (Castilla y Le´ on and La Rioja) responded to longer timescales (3–6 month) in early summer. Among indices, SEDI exhibited the strongest and most consistent correlation with wheat yield variability. These results highlight the value of integrating remotely sensed ET c act with ERA5 reanalysis for region-specific drought monitoring, offering significant potential for advancing operational agricultural water management strategies under increasing drought frequency and climate change.</subfield>
   </datafield>
   <datafield ind1="8" ind2=" " tag="024">
      <subfield code="a">0378-3774</subfield>
   </datafield>
   <datafield ind1="8" ind2=" " tag="024">
      <subfield code="a">https://hdl.handle.net/20.500.12327/5064</subfield>
   </datafield>
   <datafield ind1="8" ind2=" " tag="024">
      <subfield code="a">https://doi.org/10.1016/j.agwat.2025.110092</subfield>
   </datafield>
   <datafield ind2="0" ind1="0" tag="245">
      <subfield code="a">Assessing the performance of multi-timescale drought indices for monitoring agricultural drought impacts on wheat yield</subfield>
   </datafield>
</record></metadata></record></GetRecord></OAI-PMH>